000 00936nam a2200265Ia 4500
003 OSt
005 20221005103058.0
006 a|||||r|||| 00| 0
007 ta
008 221004b |||||||| |||| 00| 0 hin d
020 _a9788180313905 (hbk)
_cINR 300.00
024 _a29746
037 _b281, 03/03/2017, Eastern Book Linkers
_cTextual
040 _aCRL
_cCRL
_bhin
041 _2hin
_ahin
082 _aO152,3v, Q1
100 _aमधुरेश, ले.
245 0 _aहिन्दी उपन्यास का विकास
246 _aHindī upanyās kā vikāsa
260 _aइलाहाबाद
_bलोकभारती प्रकाशन भारत
_c2011
300 _a238पृ0
_ccm.
650 _aहिन्दी कहानी
942 _hO152,3v, Q1
_cTEXL
_2cc
999 _c1009378
_d1009378